Paradigmy súčasných koncepcií manažmentu rizika v kontexte príspevku k finančnej výkonnosti podniku
Paradigmy tradičného manažmentu rizika. Paradigmy manažmentu podnikateľského rizika. Paradigmy celopodnikového manažmentu rizika. Rast príspevku manažmentu rizika k finančnej výkonnosti podniku. Podnikový manažment rizika je dnes vnímaný ako nepretržitý proces, ktorý sa kontinuálne vyvíja spoločne s...
Enregistré dans:
| Auteur principal: | |
|---|---|
| Format: | Chapitre de livre |
| Langue: | slovaque |
| Sujets: | |
| Tags: |
Pas de tags, Soyez le premier à ajouter un tag!
|
MARC
| LEADER | 00000nla$a2200000$$$4500 | ||
|---|---|---|---|
| 001 | 0085058 | ||
| 005 | 20240502071951.8 | ||
| 041 | 0 | |a slo | |
| 044 | |a SK | ||
| 245 | 1 | 0 | |a Paradigmy súčasných koncepcií manažmentu rizika v kontexte príspevku k finančnej výkonnosti podniku |c Tatiana Varcholová |
| 520 | |a Paradigmy tradičného manažmentu rizika. Paradigmy manažmentu podnikateľského rizika. Paradigmy celopodnikového manažmentu rizika. Rast príspevku manažmentu rizika k finančnej výkonnosti podniku. Podnikový manažment rizika je dnes vnímaný ako nepretržitý proces, ktorý sa kontinuálne vyvíja spoločne s podnikom čeliacim novým a nepredvídateľným finančným rizikám. Z hľadiska dlhodobej stratégie úspešného fungovania podniku sa stávajú aplikácie nových prístupov v manažmente rizika jednou z konkurenčných výhod v súčasnom svete bezprecedentnej neistoty. | ||
| 610 | 2 | 0 | |a podnik |
| 610 | 2 | 0 | |a riziko |
| 610 | 2 | 0 | |a riziko podnikateľské |
| 610 | 2 | 0 | |a riadenie podnikové |
| 610 | 2 | 0 | |a riadenie rizík |
| 610 | 2 | 0 | |a riziko finančné |
| 100 | 1 | |a Varcholová, Tatiana | |